000 00740nam a2200229 4500
003 OSt
005 20240610074048.0
006 a
008 240610b |||||||| |||| 00| 0 eng d
020 _a9789712361319
040 _aDWCL-Main lib.
_cOC
082 _2first edition
_aFil. 371.5 AL354c 2012
100 _aAlcodia, Editha M.
245 _aCreative arts, music and drama for young children /
250 _afirst edition
260 _aManila :
_bRex Book Store, Inc. ,
_cc2012.
300 _aviii,
_b200 p. : ill. ;
_c25 cm.
504 _aIncludes bibliographical references & index.
650 _a1. Creative activities-Early childhood education.
700 _aEditha M. Alcodia
942 _2ddc
_n0
_cBK - FIL
_efirst edition
_kFil.
999 _c479
_d479